A praeceptorok fizetése

Elmentve itt :
Bibliográfiai részletek
Szerző: Herepei János
Dokumentumtípus: Könyv része
Megjelent: 1966
Sorozat:Adattár XVII. századi szellemi mozgalmaink történetéhez 2
Kulcsszavak:Művelődéstörténet - magyar - 17. sz., Kolozsvár története - 17. sz., Apáczai Csere János
Online Access:http://misc.bibl.u-szeged.hu/29273
LEADER 00654naa a2200169 i 4500
001 misc29273
005 20200430141843.0
008 180118s1966 hu o 0|| zxx d
040 |a SZTE Miscellanea Repozitórium  |b hun 
041 |a zxx 
100 1 |a Herepei János 
245 1 2 |a A praeceptorok fizetése  |h [elektronikus dokumentum] /  |c  Herepei János 
260 |c 1966 
300 |a 512-517 
490 0 |a Adattár XVII. századi szellemi mozgalmaink történetéhez  |v 2 
695 |a Művelődéstörténet - magyar - 17. sz., Kolozsvár története - 17. sz., Apáczai Csere János 
856 4 0 |u http://misc.bibl.u-szeged.hu/29273/1/ad_002_512-517.pdf  |z Dokumentum-elérés